<?xml version="1.0" encoding="UTF-8"?>
<collection xmlns="http://www.loc.gov/MARC21/slim">
 <record>
  <leader>01632na  a2200361   4500</leader>
  <controlfield tag="001">000030921</controlfield>
  <controlfield tag="003">4948</controlfield>
  <controlfield tag="005">20221208154817.0</controlfield>
  <controlfield tag="008">151001s2011                  000   eng</controlfield>
  <datafield tag="040" ind1=" " ind2=" ">
   <subfield code="a">LNN</subfield>
  </datafield>
  <datafield tag="041" ind1=" " ind2=" ">
   <subfield code="a">ENG</subfield>
  </datafield>
  <datafield tag="082" ind1=" " ind2=" ">
   <subfield code="a">420.4</subfield>
   <subfield code="b">PH-D</subfield>
  </datafield>
  <datafield tag="100" ind1=" " ind2=" ">
   <subfield code="a">Phạm Thị Dinh</subfield>
  </datafield>
  <datafield tag="245" ind1=" " ind2="2">
   <subfield code="a">A Study on Linguistic Features of English word Groups Containing the Word “Heart” and the Vietnamese ones Containing the Word /</subfield>
   <subfield code="c">Phạm Thị Dinh.</subfield>
  </datafield>
  <datafield tag="260" ind1=" " ind2=" ">
   <subfield code="c">2011.</subfield>
  </datafield>
  <datafield tag="300" ind1=" " ind2=" ">
   <subfield code="a">96tr. : mh ; 30cm.</subfield>
  </datafield>
  <datafield tag="502" ind1=" " ind2=" ">
   <subfield code="a">Master thesis in the English language.</subfield>
  </datafield>
  <datafield tag="520" ind1=" " ind2=" ">
   <subfield code="a">The thesis has been carried out with an attempt to reach a profound understanding of English word groups containing the word “Heart” (EWGH) and Vietnamese word groups containing the word “Tim” (VWGT). In ….</subfield>
  </datafield>
  <datafield tag="650" ind1=" " ind2=" ">
   <subfield code="a">A Study on Linguistic Features of English word Groups Containing the Word “Heart” and the Vietnamese ones Containing the Word, Linguistic, 2011, Phạm Thị Dinh</subfield>
  </datafield>
  <datafield tag="700" ind1=" " ind2=" ">
   <subfield code="a">Luu Quy Khuong</subfield>
   <subfield code="c">huong dan</subfield>
  </datafield>
  <datafield tag="852" ind1=" " ind2=" ">
   <subfield code="b">Assoc. Prof. Dr.,</subfield>
   <subfield code="c">Luận văn Thạc sĩ</subfield>
  </datafield>
  <datafield tag="OWN" ind1=" " ind2=" ">
   <subfield code="a">LNN</subfield>
  </datafield>
  <datafield tag="AVA" ind1=" " ind2=" ">
   <subfield code="a">UDN50</subfield>
   <subfield code="b">LNN</subfield>
   <subfield code="c">English</subfield>
   <subfield code="d">420.4 PH-D</subfield>
   <subfield code="e">available</subfield>
   <subfield code="t">Error 5001 Not defined in file expand_doc_bib_avail.</subfield>
   <subfield code="f">1</subfield>
   <subfield code="g">0</subfield>
   <subfield code="h">N</subfield>
   <subfield code="i">0</subfield>
   <subfield code="j">AN</subfield>
   <subfield code="k">1</subfield>
  </datafield>
  <datafield tag="999" ind1=" " ind2=" ">
   <subfield code="a">From the UDN01</subfield>
  </datafield>
  <datafield tag="AVA" ind1=" " ind2=" ">
   <subfield code="a">UDN50</subfield>
   <subfield code="b">LNN</subfield>
   <subfield code="c">English</subfield>
   <subfield code="d">420.4 PH-D</subfield>
   <subfield code="e">available</subfield>
   <subfield code="t">Error 5001 Not defined in file expand_doc_bib_avail.</subfield>
   <subfield code="f">1</subfield>
   <subfield code="g">0</subfield>
   <subfield code="h">N</subfield>
   <subfield code="i">0</subfield>
   <subfield code="j">AN</subfield>
   <subfield code="k">1</subfield>
  </datafield>
  <datafield tag="TYP" ind1=" " ind2=" ">
   <subfield code="a">Dissertation</subfield>
  </datafield>
  <datafield tag="TYP" ind1=" " ind2=" ">
   <subfield code="a">Printed language</subfield>
  </datafield>
  <datafield tag="980" ind1=" " ind2=" ">
   <subfield code="a">Mạng thư viện Đại học Đà Nẵng</subfield>
  </datafield>
 </record>
</collection>
